Представление документа в формате RUSMARC

ПолеНазваниеЗначение
  Тип записи a
  Библиографический уровень m
001 Контрольный номер RU/SLIB/B/208728454
005 Дата корректировки 20201206204016.9
010 Индекс ISBN __
d Цена 2-40
101 Язык документа __
a Язык текста rus
c Язык оригинала rus
200 Заглавие и сведения об ответственности 0_
a Заглавие Новейшая история Китая, 1928-1949
f Первые сведения об ответственности АН СССР, Ин-т Дальнего Востока
b Общее обозначение материала Текст
210 Выходные данные __
a Место издания М.
c Издательство Наука
d Дата издания 1984
215 Физическое описание __
a Объем 440 с.
606 Тематические рубрики __
a Основная рубрика История
z Хронологическая подрубрика 1921-1949 гг.; 20 в.; 1894 г.; 1895 г.; 19 в.
y Географическая подрубрика Китай; СССР; США; Германия
606 Тематические рубрики __
a Основная рубрика Страны Азии с 1918 г. -
610 Ключевые слова __
a Ключевые слова внутриполитическая обстановка; международное положение; японская агрессия; Гражданская война; Японо-китайская война; войны; историческая литература
686 Индексы других классификаций __
a Классификационный индекс 63.3(5Кит)6
801 Источник записи _0
a Страна RU
b Организация Муниципальное бюджетное учреждение культуры "Централизованная библиотечная система" г. Сургут (Центральная городская библиотека им. А. С. Пушкина)
g Правила каталогизации КиК/Нещерет
801 Источник записи _1
a Страна RU
b Организация Муниципальное бюджетное учреждение культуры "Централизованная библиотечная система" г. Сургут (Центральная городская библиотека им. А. С. Пушкина)
g Правила каталогизации КиК/Нещерет
852 Данные о местонахождении __
j Шифр хранения 63.3(5Кит)6
c Каталожный индекс 63.3(5Кит)
i Авторский знак Н 72
p Инвентарный номер 24026
901 Тип документа __
t Тип документа m
990 Данные о заказе (DOS) __
j Количество экземпляров (DOS) 1